| 000 | 00479nam a2200169Ia 4500 | ||
|---|---|---|---|
| 003 | OSt | ||
| 005 | 20200923140627.0 | ||
| 008 | 190216s9999||||xx |||||||||||||| ||und|| | ||
| 040 | _coclc | ||
| 082 |
_a580.12 _bBEN/P |
||
| 100 |
_aBenson, Lyman _94887 |
||
| 245 | 0 |
_aPlant Classification / _cLyman Benson |
|
| 260 |
_bOxford & I B H Publishing, _c1957. _aNew Delhi: |
||
| 300 | _a688p | ||
| 650 | _aBotany | ||
| 942 |
_cBK _2ddc _h580.12 _iBEN/P _k580.12 _mBEN/P |
||
| 999 |
_c1107 _d1107 |
||